Countries By 3 Clues #7 - Statistics

General Stats
  • This quiz has been taken 48 times
  • The average score is 13 of 15
Answer Stats
3 Clues Countries % Correct
Star of David, Red Sea, Mossad Israel
98%
Oil, Burj Khalifa, Persian Gulf United Arab Emirates
98%
Arnold Schwarzenegger, Salzburg, Edelweiss Austria
95%
Lev, Balkan, Sofia Bulgaria
95%
Lake Geneva, Roger Federer, Matterhorn Switzerland
95%
Nikola Tesla, Belgrade, Balkan Serbia
93%
Diamonds, Lion Mountains, Leone Sierra Leone
91%
Alexander Lukashenko, White Russia, Ukraine Belarus
89%
Danube, Magyar, Forint Hungary
86%
Central Asia, Russian, Tajik Tajikistan
86%
Buddhism, Indochina, Kip Laos
84%
Copán, Lempira, Tegucigalpa Honduras
80%
Melanesia, Cannibalism, PNG Papua New Guinea
73%
Landlocked, Spanish, Guaraní Paraguay
68%
Slave Coast, Lomé, Cocoa Togo
66%
No matching quizzes found
Score Distribution
Percent of People with Each Score
Percentile by Number Answered
Your Score History
You have not taken this quiz